01602nam a2200313 a 450000100100000000500170001000800410002702000150006804000250008308200180010824501550012626000360028130000210031749000500033859000260038865000650041465000620047965100530054170000260059471000480062083000570066891000370072504900090076295201310077195201310090295201160103395201220114999900170127100002542620200930023759.0110216s2006 dr a 000 0 spa d a9945160400 aDO-SdBNPbspacBNPHU a305.23bC745s04aLas condiciones socioeconómicas y culturales de los niños y las niñas en el suroeste de la República Dominicana /cAlicia Ziffer ... [et al.]. aSanto Domingo :bFLACSO,c2006. a110 P. ;c22 cm.1 aInvestigaciones educativas del contexto rural aInventariado, 2018/VM 4aNiñosxCondiciones socialesxRepública dominicana952028 4aEconomia doméstica ruralzRepública Dominicana952029 4aRepública DominicanaxCondiciones Sociales94612aZiffer, Alicia9174962 aFacultad Latinoamericana de Ciencias952030 0aInvestigaciones educativas del contexto rural952031 aValidado. Control de calidad MFF aBNPD 001054708DSaGRbGRcHDd2011-02-16iLF1l0o305.23 C745sp25426-30r2020-06-25te. 3w2020-06-25yLFDSZPréstamo en sala 001054708DSaGRbGRcHDd2015-02-03iLF1l0o305.23 C745sp25426-40r2020-06-25te. 4w2020-06-25yLFDSZPréstamo en sala 0010718PDaPDbPDcHDd2011-02-16iLF1l0o305.23 C745sp25426-10r2020-06-25w2020-06-25yLFPDZNo se presta 0010718PDaPDbPDcHDd2011-02-16iLF1l0o305.23 C745sp25426-20r2020-06-25te. 2w2020-06-25yLFPDZNo se presta c24918d24918